Quizzes
Events
Quiz Creation
Community
Videos
Private Events
Remove Ads
Sign In
Join for FREE
Feedback
Dark Mode
Quiz Categories
Sports
Geography
Music
Movies
Television
Just For Fun
Miscellaneous
History
Literature
Language
Science
Gaming
Entertainment
Religion
Holiday
For Kids
Quiz Lab
Recent
Popular Today
Quiz Kudos Today
Editor Picks
Curator Picks
Quizzes by...
Day
Popularity
Type
Ratings
Length
Year
Community
Subscriptions
Recent Discussions
Orange Saloon
Badges
Playlists
Quests
Create
Leaderboards
Showdown
Live 5
Trivia Bingo
Activity
Puzzle Library
Sporcle Events
Private Events
Virtual Trivia
Globe League
Become a Host
Pub Owners
SporcleCon
Opinionation
Our Games
Videos
Blog
Mobile Apps
Partnerships
Remove Ads and Go Orange
Feedback
History
US Presidents
World Leaders
Politics
Nation
Discovery
War
Decade
Year
Century
Biography
Art
History
US Presidents
World Leaders
Politics
Nation
Discovery
War
Decade
Year
Century
Biography
Art
Random Quiz
Search Sporcle
×
Quiz Lab
Quiz Lab
History
Nation
Type in answers that appear in a list
Type in answers that appear in a list
Classic
Best Score? Go Orange.
United Nations Unit Review Stats
Can you name the United Nations Unit Review?
By
blakeritchen
15m
20 Questions
51 Plays
51 Plays
51 Plays
Comments
Comments
Give Quiz Kudos
Give Quiz Kudos
-
- Ratings
hide this ad
Forced Order
Answers have to be entered in order
Answers have to be entered in order
Replay
Link that replays current quiz
Next Quiz
Link to next quiz in quiz playlist
You Got
0%
They Got
Avg Score
29%
Avg Friend Score
Upgrade to see
Score Distribution
Jump to the score distribution portion of the page
Score
0/20
Timer
15:00
0
Plays Today
Description of Term/Person
Term/Person
% Correct
The US, China, Russia, UK, and France make up the
Security Council
80.4%
The deliberate and systematic destruction, in whole or in part, of an ethnic, racial, religious, or national group.
Genocide
76.5%
All permanent members of the security council have
Veto Power
60.8%
The Chinese vetoed UN intervention in which African country despite claims of genocide
Sudan
45.1%
The organization of countries formed following WWI in large part to prevent a future world war. It failed.
The League of Nations
43.1%
The United States foreign policy following WWI and leading up to the outbreak of WWII.
Isolationism
35.3%
UN Peacekeepers are most recognizable by their _
_
_
_
_
_
_
_
Blue Helmets
35.3%
The federal department responsible for the international relations of the United States
State Department
31.4%
Coercive measures adopted by a country or group of countries against another State in order to elicit a change in that State's behavior
Sanctions
27.5%
A nation’s right to and capacity of self-
governance.
State sovereignty
25.5%
Description of Term/Person
Term/Person
% Correct
Formal text adopted by a United Nations body
Resolution
23.5%
Group of people that supports using American economic and military power to bring liberalism, democracy, and human rights to other countries.
Neoconservatives
21.6%
Using military and economic means to influence the behavior or interests of other political bodies.
Hard Power
19.6%
The art and practice of conducting negotiations between representatives of groups or states.
Diplomacy
19.6%
The ability to obtain the desired affect through diplomacy, cooperation, and attraction.
Soft Power
17.6%
The current situtation of _
_
_
_
_
_
in Iran and North Korea has drawn considerable global attention.
Nuclear Proliferation
17.6%
The first global expression of rights to which all human beings are entitled. It was adopted in large response to the Holocaust.
Universal Declaration of Human Rights
5.9%
The need for _
_
_
_
_
was realized after WWI.
Collective security
3.9%
Term used to imply the existence of a group of all or some countries with a specific role or responsibility.
International Community
0%
The principle under international law that nation-
states should not attempt to promote secessionist movements or to promote border changes in other nation-
states
Territorial integrity
0%
Quiz Playlist
Details
Report
Send in Message
Add To Playlist
Classic:
Type in answers that appear in a list
Forced Order:
Answers have to be entered in order
Last Updated: Feb 16, 2017
Quiz Scoreboard
CHALLENGE
Sign Up to Join the Scoreboard
Show All
Scores
Hide
Comments
May contain spoilers
Recently Published
Movies - When Are They Set?
by FPL_Elf
Movies
5m
Popular People in 1961
by mucciniale
History
6m
1-10 Letter E Words III
by El_Dandy
Language
2m
More to Explore
Quiz From the Vault
Featured Blog Post
Where Did the Easter Bunny Come From?
hide this ad
You Might Also Like...
Tags
Nation Quiz
description
Person
Review
Term
unit
United
United Nations
Today's Top Quizzes in History
Browse History
hide this ad
Today's Top Quizzes in Nation
Browse Nation
Top Contributed Quizzes in History
1
Popular People in 1991
2
Popular People in 1981
3
Popular People in 1951
4
Popular People in 1941
5
Popular People in 1986
6
Popular People in 1921
7
Popular People in 1976
8
I Am Born On March 28th
9
Popular People in 1946
10
Popular People in 1936
Explore More
Trending Topics
Kpop
Disney
Marvel
Anime
Crossword
NBA
Harry Potter
WWE
Soccer
Country
Puzzle
The Office
NFL
Song
Pokémon
hide this ad
More By:
blakeritchen
Quiz
Plays
Rating
Category
Featured
Created
Are You Afraid of the Dark Episodes
1,909
4.60
Television
Sep 21, 2010
Civics Unit I Review
336
3.33
History
Jan 21, 2010
Terms from Mayan/Aztec/Spanish History
302
2.57
History
Jan 22, 2010
Name the 3 Ninjas movies
239
4.75
Movies
Jan 21, 2010
People to Know for International Relations
215
3.00
History
Jan 20, 2010
Go to Creator's Profile
Score Distribution
Quiz Creator Spotlight
blakeritchen
Follow
Send a Message
Quizzes Created
-
Created Quiz Play Count
-
More By This Creator
Popular Quizzes Today
1
Find the US States - No Outlines Minefield
2
Find the Countries of Europe - No Outlines Minefield
3
The Countries of the World
4
Popular People in 1961
5
1-10 Letter E Words III
6
US States
7
Find the US States
8
One Thing in Common: World Cities II
More History Quizzes
On This Day: October 26th II
Published
Trending Quizzes
Risky Map Clicking: Least Populous States A-Z
1-10 Letter F Words
1-10 Letter G Words
One Thing in Common: United Kingdom
Risky Map Clicking: Next State Alphabetically
Recently Updated
Leaping Animals
pecheneg
Reality TV Shows (A-Z)
bhenderson79
Rickey Henderson's Hall of Fame Teammates
pecheneg
Champions League XIs: Arsenal
pecheneg
Quick Pick: Celebrities in WWE's Hall of Fame
aduchscher
A-Z Keypad Blitz II
pecheneg
Multiple Oscar Actors
pecheneg
Mystery Phrase Blitz: Oscar 'Best Actors'
pecheneg
F. Scott Fitzgerald Novels
LTH
Pick 3 Villains
ddd62291
Trending Topics
Kpop
Crossword
Disney
Marvel
NBA
Harry Potter
Anime
WWE
Pokémon
NFL
Puzzle
The Office
Song
Soccer
Country
Your Account Isn't Verified!
In order to create a playlist on Sporcle, you need to verify the email address you used during registration. Go to your
Sporcle Settings
to finish the process.
Report this User
Report this user for behavior that violates our
Community Guidelines
.
Details:
Send Report
Go to the Sporcle.com Mobile Site →
Comments